|
|
|
|
| LEADER |
01816nam a2200421 i 4500 |
| 001 |
EBC4742389 |
| 003 |
MiAaPQ |
| 005 |
20200520144314.0 |
| 006 |
m o d | |
| 007 |
cr cnu|||||||| |
| 008 |
161125t20172017enka ob 000 0 eng d |
| 020 |
|
|
|z 9781780408170
|
| 020 |
|
|
|a 9781780408187
|q (electronic bk.)
|
| 035 |
|
|
|a (MiAaPQ)EBC4742389
|
| 035 |
|
|
|a (Au-PeEL)EBL4742389
|
| 035 |
|
|
|a (CaPaEBR)ebr11298151
|
| 035 |
|
|
|a (CaONFJC)MIL969850
|
| 035 |
|
|
|a (OCoLC)963575486
|
| 040 |
|
|
|a MiAaPQ
|b eng
|e rda
|e pn
|c MiAaPQ
|d MiAaPQ
|
| 050 |
|
4 |
|a HD4456
|b .C337 2017
|
| 082 |
0 |
|
|a 628.1
|2 23
|
| 100 |
1 |
|
|a Cabrera, Enrique,
|e author.
|
| 245 |
1 |
0 |
|a Regulation of urban water services :
|b an overview /
|c Enrique Cabrera and Enrique Cabrera Jr.
|
| 264 |
|
1 |
|a London, England :
|b IWA Publishing,
|c 2017.
|
| 264 |
|
4 |
|c 2017
|
| 300 |
|
|
|a 1 online resource (218 pages) :
|b illustrations, tables
|
| 336 |
|
|
|a text
|2 rdacontent
|
| 337 |
|
|
|a computer
|2 rdamedia
|
| 338 |
|
|
|a online resource
|2 rdacarrier
|
| 504 |
|
|
|a Includes bibliographical references at the end of each chapters.
|
| 588 |
|
|
|a Description based on online resource; title from PDF title page (ebrary, viewed November 24, 2016).
|
| 590 |
|
|
|a Electronic reproduction. Ann Arbor, MI : ProQuest, 2016. Available via World Wide Web. Access may be limited to ProQuest affiliated libraries.
|
| 650 |
|
0 |
|a Municipal water supply
|x Management
|x Law and legislation.
|
| 655 |
|
4 |
|a Electronic books.
|
| 700 |
1 |
|
|a Cabrera, Enrique,
|d 1972-
|e author.
|
| 776 |
0 |
8 |
|i Print version:
|a Cabrera, Enrique.
|t Regulation of urban water services : an overview.
|d London, England : IWA Publishing, c2017
|h xx, 196 pages
|z 9781780408170
|
| 797 |
2 |
|
|a ProQuest (Firm)
|
| 856 |
4 |
0 |
|u https://ebookcentral.proquest.com/lib/matrademy/detail.action?docID=4742389
|z Click to View
|